000 01106nas a2200241 a 4500
001 29909
003 AR-BaAGN
005 20231102111414.0
007 ta
008 220701s1931 ag |||p|r||||f|||||0spa d
040 _aAR-BaAGN
_bspa
_eaacr
110 2 _aInstituto de Criminología de la Penitenciaría Nacional
245 1 0 _aRevista de Criminología, Psiquiatría y Medicina Legal.
260 _aBuenos Aires :
_b[editor no identificado],
_c1931.
300 _a[127] páginas
310 _aBimestral
336 _2rdacontent
_btxt
337 _2rdamedia
_bn
338 _2rdacarrier
_bnc
520 _aEl nuevo Código Penal italiano y la reorganización de los establecimientos penales. Hipoestesia afectiva, perversidad, síndrome epiléptico y mitomanía en una post-encefalítica. La sinestesia. Cuestiones penales y penitenciarias: el problema sexual en las prisiones. La reforma penal en Dinamarca. Sesión 25ª de Médicos alienistas y neurólogos de Francia y de los países de habla francesa. Análisis de libros y revistas. Noticias y comentarios
942 _cREVISTA
999 _c29909
_d29909